000 00564nam a2200169 i 4500
001 86126
003 ES-MaACL
007 t|
008 041207s1980 sp ||||1| spa d
100 1 _aKalecki, Michal.
_967444
245 1 0 _aEnsayos sobre las economías en vías de desarrollo /
_cMichal Kalecki ; instroducción de Joan Robinson ; [traducción de Isabel Verdeja].
260 _aBarcelona :
_bCrítica,
_c[1980]
300 _a240 p. ;
_c20 cm.
700 1 _aVerdeja, Isabel.
_9114015
700 1 _aRobinson, Joan.
_997894
852 _aES-MaACL
_jL-705
_bR.101203
999 _c86126
_d86126